Statistiques concernant Quelle ville commençant par D?

Cliquez ici pour prendre le quiz!

Statistiques générales

  • Ce quiz a été pris 710 fois
  • Le résultat moyen est 13 sur 20

Statistiques - réponses

HintRéponse% Correct
Ville française célèbre pour sa moutardeDijon
97%
La plus haute tour au monde se trouve dans cette villeDubaï
92%
Capitale du SénégalDakar
91%
La ville où John F. Kennedy fut assassinéDallas
89%
Ancienne capitale de l'Inde et abrite l'actuelle capitaleDelhi
88%
Capitale du BangladeshDacca
87%
Capitale du QatarDoha
85%
Capitale de la SyrieDamas
83%
Capitale du ColoradoDenver
72%
Plus grande ville de la TanzanieDar es Salam
67%
On l'appelle "the Motor city" ou "Motown"Détroit
59%
Au football, le Shakhtar joue dans cette villeDonetsk
59%
Ville australienne qui porte le nom d'un naturaliste anglaisDarwin
57%
Septième ville d'Allemagne et deuxième de Rhénanie-du-Nord-WestphalieDüsseldorf
53%
Ville anglaise connues pour ses falaises blanchesDouvres
52%
Fut bombardée en 1945 par les alliés et partiellement détruiteDresde
49%
Capitale du Timor OrientalDili
47%
Capitale travesée par le fleuve LiffeyDublin
46%
Troisième ville la plus peuplée d'Afrique du SudDurban
36%
Quatrième ville d'Ukraine, traversée par le fleuve du même nomDnipro
32%

Distribution des résultats

Percentile par nombre de réponses

% des personnes avec chaque résultat

Votre développement - résultats

Vous n’avez pas pris ce quiz